Statistiques concernant Culture Générale - Série 707

Cliquez ici pour prendre le quiz!

Statistiques générales

  • Ce quiz a été pris 165 fois
  • Le résultat moyen est 8 sur 10

Statistiques - réponses

QuestionRéponse% Correct
Je peux être un organe du corps humain, mais aussi la femelle du rat, que suis-je ?rate
97%
Avec le canard, quel est l'autre oiseau que l'on peut gaver pour obtenir du foie gras ?oie
96%
Comment appelle-t-on les habitants du Pérou ?Péruviens
96%
Quelle boisson l'oenologie étudie-t-elle ?vin
96%
Quelle expression latine signifiant : "notez bien", abrège-t-on par les lettres "N.B." ?Nota bene
95%
Célèbre romancière britannique, Enid Blyton a écrit la série de romans pour enfants : "Le Club...des cinq
88%
Comment s'appelait le premier avion supersonique commercial ?Concorde
78%
Quel nom donne-t-on à un agent de police londonien ?bobby
51%
Quelle préparation culinaire alsacienne porte un nom qui signifie littéralement : "herbe aigre" ?choucroute
51%
À quel peintre néerlandais doit-on la célèbre “Vue de Delft”, vers 1660 ?Johannes Vermeer
47%

Distribution des résultats

Percentile par nombre de réponses

% des personnes avec chaque résultat

Votre développement - résultats

Vous n’avez pas pris ce quiz